Die Schweiz. La Suisse. Switzerland

Gardado en:
Detalles Bibliográficos
Autor Principal: Flueler, Niklaus
Formato: Libro
Idioma:Undetermined
Publicado: Zeppelinstrasse Sigloch Edition 1989
Những chủ đề:
Các nhãn: Engadir etiqueta
Sen Etiquetas, Sexa o primeiro en etiquetar este rexistro!
Thư viện lưu trữ: Trung tâm Học liệu Trường Đại học Cần Thơ
LEADER 00539nam a2200193Ia 4500
001 CTU_104597
008 210402s9999 xx 000 0 und d
082 |a 949.4 
082 |b F646 
100 |a Flueler, Niklaus 
245 0 |a Die Schweiz. La Suisse. Switzerland 
245 0 |c Niklaus Flueler 
260 |a Zeppelinstrasse 
260 |b Sigloch Edition 
260 |c 1989 
650 |a Switzerland,Switzerland 
650 |x Description and travel,History 
904 |i Năm 
980 |a Trung tâm Học liệu Trường Đại học Cần Thơ